Mark-Up : H.R. 7019, 1983 Appropriations Bill.

Contains transcript of Subcom markup session on H.R. 7019, to make FY83 appropriations for DOT and related agencies. Amended bill was favorably reported.

Bibliographic Details
Corporate Author: United States. Congress. Senate. Committee on Appropriations. Subcommittee on Transportation (other agent associated with work.)
Format: eBook
Language:English
Published: [Washington : U.S. G.P.O.], 1982.
Subjects:
Online Access:Electronic resource (PDF)

MARC

Tag First Indicator Second Indicator Subfields
LEADER 00000cam a22000001i 4500
001 in00004135213
005 20200117091018.0
006 m d f
007 cr bn mmmapmmp
008 091109s1982 dcu o f000 0 eng d
035 |a cis2007529270 
040 |a UMI  |b eng  |e rda  |c UMI  |d UtOrBLW 
110 1 |a United States.  |b Congress.  |b Senate.  |b Committee on Appropriations,  |e issuing body.  |0 http://id.loc.gov/authorities/names/n79056405 
245 1 0 |a Mark-Up :  |b H.R. 7019, 1983 Appropriations Bill. 
264 1 |a [Washington :  |b U.S. G.P.O.],  |c 1982. 
300 |a 18 pages, digital, PDF file. 
336 |a text  |2 rdacontent  |b txt 
337 |a computer  |b c  |2 rdamedia 
338 |a online resource  |2 rdacarrier  |b cr 
500 |a Record is based on bibliographic data in ProQuest Congressional Hearings Digital Collection (last viewed July 2018) Reuse except for individual research requires license from ProQuest, LLC. 
520 |a Contains transcript of Subcom markup session on H.R. 7019, to make FY83 appropriations for DOT and related agencies. Amended bill was favorably reported. 
538 |a System requirements: PDF reader software. 
500 |a Electronic resource. 
610 1 0 |a United States.  |b Congress  |x Committees.  |0 http://id.loc.gov/authorities/subjects/sh85140762 
610 1 0 |a United States.  |b Department of Transportation.  |0 http://id.loc.gov/authorities/names/n79058419 
650 0 |a Federal aid to transportation.  |0 http://id.loc.gov/authorities/subjects/sh85047600 
710 1 |a United States.  |b Congress.  |b Senate.  |b Committee on Appropriations.  |b Subcommittee on Transportation,  |e other agent associated with work.  |0 http://id.loc.gov/authorities/names/no98073434 
730 0 |a ProQuest U.S. Congressional Hearings Digital Collection. 
776 0 8 |a United States. Congress. Senate. Committee on Appropriations  |t Mark-Up: H.R. 7019, 1983 Appropriations Bill.  |o 97 SAp-T.54 
856 4 0 |u http://proxy.library.tamu.edu/login?url=http://congressional.proquest.com/congcomp/getdoc?HEARING-ID=HRG-1982-SAP-0051  |y Electronic resource (PDF)  |t 0 
999 f f |s 27de6056-7727-3909-b746-518cc927ff37  |i a0848e2a-0f87-36a1-b7e3-a0510a40c9d1  |t 0 
952 f f |a Texas A&M University  |b College Station  |c Electronic Resources  |d Available Online  |t 0  |h No information provided 
998 f f |t 0  |l Available Online